<?xml version="1.0" encoding="UTF-8"?>
<record
    xmlns:xsi="http://www.w3.org/2001/XMLSchema-instance"
    xsi:schemaLocation="http://www.loc.gov/MARC21/slim http://www.loc.gov/standards/marcxml/schema/MARC21slim.xsd"
    xmlns="http://www.loc.gov/MARC21/slim">

  <leader>00618nam a22001817a 4500</leader>
  <datafield tag="999" ind1=" " ind2=" ">
    <subfield code="c">173373</subfield>
    <subfield code="d">173373</subfield>
  </datafield>
  <controlfield tag="005">20200222144212.0</controlfield>
  <datafield tag="010" ind1=" " ind2=" ">
    <subfield code="a">A-338643</subfield>
  </datafield>
  <datafield tag="020" ind1=" " ind2=" ">
    <subfield code="c">50.00</subfield>
  </datafield>
  <datafield tag="035" ind1=" " ind2=" ">
    <subfield code="a">A-338643</subfield>
  </datafield>
  <datafield tag="037" ind1=" " ind2=" ">
    <subfield code="b">Cen Lib/Ret</subfield>
  </datafield>
  <datafield tag="082" ind1=" " ind2=" ">
    <subfield code="a">921</subfield>
  </datafield>
  <datafield tag="100" ind1=" " ind2=" ">
    <subfield code="a">&#x639;&#x62A;&#x6CC;&#x642; &#x627;&#x644;&#x631;&#x62D;&#x645;&#x627;&#x646; &#x639;&#x648;&#x62B;&#x645;&#x627;&#x646;&#x6CC;</subfield>
  </datafield>
  <datafield tag="245" ind1=" " ind2=" ">
    <subfield code="a">&#x645;&#x627;&#x6C1;&#x646;&#x627; &#x645;&#x6C1; &#x628;&#x648;&#x631;&#x6C1;&#x627;&#x646; &#x6A9;&#x6CC; &#x62A;&#x627;&#x631;&#x6CC;&#x686;&#x6CC; &#x627;&#x634;&#x627;&#x639;&#x62A; /</subfield>
    <subfield code="c">&#x639;&#x62A;&#x6CC;&#x642; &#x627;&#x644;&#x631;&#x62D;&#x645;&#x627;&#x646; &#x639;&#x648;&#x62B;&#x645;&#x627;&#x646;&#x6CC;</subfield>
  </datafield>
  <datafield tag="246" ind1=" " ind2=" ">
    <subfield code="a">Mahna Ma Burhan ki Tarikhi Ashaat /</subfield>
    <subfield code="b">by Ateeq-ur-Rehman Usmani ; edited by Jameel Muhri</subfield>
  </datafield>
  <datafield tag="260" ind1=" " ind2=" ">
    <subfield code="a">Delhi</subfield>
    <subfield code="b">Urdu Academy</subfield>
    <subfield code="c">1987 &#x621;</subfield>
  </datafield>
  <datafield tag="300" ind1=" " ind2=" ">
    <subfield code="a">559p.</subfield>
    <subfield code="c">24cm(Hb)</subfield>
  </datafield>
  <datafield tag="942" ind1=" " ind2=" ">
    <subfield code="2">ddc</subfield>
    <subfield code="c">UR</subfield>
    <subfield code="h">921</subfield>
    <subfield code="m">&#x639; &#x62A; &#x6CC;</subfield>
  </datafield>
  <datafield tag="952" ind1=" " ind2=" ">
    <subfield code="0">0</subfield>
    <subfield code="1">0</subfield>
    <subfield code="4">0</subfield>
    <subfield code="7">0</subfield>
    <subfield code="8">NFIC</subfield>
    <subfield code="a">L</subfield>
    <subfield code="b">L</subfield>
    <subfield code="d">2020-02-22</subfield>
    <subfield code="e">BPPD/Ven.</subfield>
    <subfield code="g">50.00</subfield>
    <subfield code="l">0</subfield>
    <subfield code="o">921 &#x639; &#x62A; &#x6CC;</subfield>
    <subfield code="p">A-338643</subfield>
    <subfield code="r">2020-02-22 00:00:00</subfield>
    <subfield code="t">1</subfield>
    <subfield code="v">50.00</subfield>
    <subfield code="w">2020-02-22</subfield>
    <subfield code="y">UR</subfield>
  </datafield>
</record>
